00869nam a2200253 i 4500001000300000100001700003245009500020246005200115250003000167260004400197300002700241500007000268650003000338700003500368020002300403040000800426041000900434080003000443920002700473942000700500008004100507999001700548952005000565bg1 aPIPREK, Jan.10aWielki słownik niemiecko-polski z suplementem. /cJan Piprek, Juliusz IppoldtnT. 1, A-K.11aGrosswörterbuch Deutsch-Polnisch mit Nachtrag a[Wyd. 15, suplementu 14]. aWarszawa :b"Wiedza Powszechna",c1998. aXVI, 1032 s. ;c24 cm. aTyt. równol. : Grosswörterbuch Deutsch-Polnisch mit Nachtrag. 9aSłownik niemiecko-polski1 aIPPOLDT, Juliuszd(1867-1960). a8321407870 (t. 12) cBPK0 aplde a811.112.2::811.162.1]'374 a83-214-0787-0 (t. 1-2) cKS s pl f |000 0 pol  c34339d34339 00104071aBPKbBPKcmho47090p01379594yKS